| 000 | 00395nam a2200157Ia 4500 | ||
|---|---|---|---|
| 003 | GCL | ||
| 008 | 140319s9999 xx 000 0 eng d | ||
| 040 |
_aGCL / _cGCL |
||
| 082 | 0 | 4 |
_a748.59 _bC M |
| 100 | 1 | _aCHATT, ABD EL-KADER | |
| 245 | 1 | 0 |
_aMOSAIQUES TERNIES / _cCHATT, ABD EL-KADER |
| 260 |
_a[S.N] : _bWALLADA ، _c1990 |
||
| 300 | _a207P | ||
| 650 | 0 | 4 | _aMOSAICS - ROMAN |
| 942 |
_2ddc _cBK |
||
| 999 |
_c12442 _d12442 |
||